[Event "Bratto op 34th"]
[Site "Bratto"]
[Date "2014.08.25"]
[Round "4"]
[White "Bresciani, Nicola"]
[Black "Magrini, Fabrizio"]
[Result "1/2-1/2"]
[WhiteElo "2226"]
[BlackElo "2198"]
[PlyCount "81"]
[EventDate "2014.08.22"]
[EventType "swiss"]
[EventRounds "9"]
[EventCountry "ITA"]
[SourceTitle "EXT 2016"]
[Source "ChessBase"]
[SourceDate "2015.10.08"]
[SourceVersion "1"]
[SourceVersionDate "2015.10.08"]
[SourceQuality "1"]

1. e4 c5 2. Nf3 d6 3. d4 cxd4 4. Nxd4 Nf6 5. Nc3 a6 6. Be2 e5 7. Nb3 Be7 8. Bg5 0-0 9. Bxf6 Bxf6 10. Nd5 Bg5 11. Qd3 Be6 12. Rd1 Nc6 13. c3 b5 14. h3 f5 15. Bf3 g6 16. exf5 gxf5 17. Nf6+ Qxf6 18. Bxc6 Rad8 19. Bd5 Kh8 20. Bxe6 Qxe6 21. Qd5 Qg6 22. h4 Bh6 23. Kf1 Rg8 24. h5 Qg4 25. Rd3 Bf4 26. g3 e4 27. Rh4 Qg5 28. Rxf4 exd3 29. Rxf5 Qg4 30. Qxd3 Qh3+ 31. Ke2 Rde8+ 32. Kd2 Rg7 33. Qf3 h6 34. Nd4 Re5 35. Qf4 Rxf5 36. Nxf5 Rg5 37. Qd4+ Kh7 38. Qa7+ Kh8 39. Qd4+ Kh7 40. Qa7+ Kh8 41. Qd4+ 1/2-1/2

[Event "Bratto op 34th"]
[Site "Bratto"]
[Date "2014.08.23"]
[Round "2"]
[White "Kohlweyer, Bernd"]
[Black "Magrini, Fabrizio"]
[Result "1-0"]
[WhiteElo "2422"]
[BlackElo "2198"]
[PlyCount "51"]
[EventDate "2014.08.22"]
[EventType "swiss"]
[EventRounds "9"]
[EventCountry "ITA"]
[SourceTitle "EXT 2016"]
[Source "ChessBase"]
[SourceDate "2015.10.08"]
[SourceVersion "1"]
[SourceVersionDate "2015.10.08"]
[SourceQuality "1"]

1. d4 Nf6 2. c4 c5 3. d5 e6 4. Nc3 exd5 5. cxd5 d6 6. Nf3 g6 7. Bf4 a6 8. e4 b5 9. Be2 b4 10. Na4 Nxe4 11. a3 Bg7 12. axb4 cxb4 13. Qd3 Nf6 14. Qe3+ Kf8 15. Nb6 Ng4 16. Qc1 Bc3+ 17. bxc3 Qxb6 18. 0-0 b3 19. Qa3 a5 20. Nd4 a4 21. Nxb3 Kg7 22. Nd2 Re8 23. Bxg4 Bxg4 24. Nc4 Qc7 25. Nxd6 Rd8 26. Ne8+ 1-0

[Event "Alghero op 1st"]
[Site "Alghero"]
[Date "2011.08.26"]
[Round "1"]
[White "Collutiis, Duilio"]
[Black "Magrini, Fabrizio"]
[Result "1-0"]
[WhiteElo "2468"]
[BlackElo "2167"]
[PlyCount "35"]
[EventDate "2011.08.26"]
[EventType "swiss"]
[EventRounds "9"]
[EventCountry "ITA"]
[SourceTitle "CBM 144 Extra"]
[Source "ChessBase"]
[SourceDate "2011.10.28"]
[SourceVersion "1"]
[SourceVersionDate "2011.10.28"]
[SourceQuality "1"]

1. g3 d5 2. Nf3 e6 3. Bg2 f5 4. 0-0 Nf6 5. d3 Bd6 6. Nbd2 0-0 7. e4 fxe4 8. dxe4 Nbd7 9. Qe2 Bc5 10. Ng5 Nb6 11. Nb3 Qe7 12. Nxc5 Qxc5 13. e5 Ne8 14. Qd3 g6 15. a4 Nc4 16. b3 Nxe5 17. Qe2 Qd4 18. c3 1-0

[Event "Sardegna Region-ch"]
[Site "Sardara"]
[Date "2011.05.21"]
[Round "1"]
[White "Magrini, Fabrizio"]
[Black "Nessi, Davide"]
[Result "1-0"]
[WhiteElo "2158"]
[BlackElo "1756"]
[PlyCount "47"]
[EventDate "2011.05.23"]
[EventType "swiss"]
[EventRounds "8"]
[EventCountry "ITA"]
[SourceTitle "EXT 2023"]
[Source "ChessBase"]
[SourceDate "2022.10.05"]
[SourceVersion "1"]
[SourceVersionDate "2022.10.05"]
[SourceQuality "1"]

1. e4 e5 2. Nf3 Nc6 3. Bc4 Nf6 4. Ng5 d5 5. exd5 b5 6. Bf1 Nxd5 7. Bxb5 Bb7 8. Qf3 Qxg5 9. Qxd5 Qf6 10. Nc3 Rd8 11. Qb3 Qg6 12. 0-0 Bc5 13. Bd3 Rxd3 14. Qxb7 Rd4 15. b4 Rxb4 16. Qc8+ Nd8 17. Nd5 Rg4 18. Nxc7+ Ke7 19. Nd5+ Kd6 20. Ne3 Ne6 21. Qa6+ Bb6 22. Ba3+ Kd7 23. Qb5+ Kc7 24. Qxe5+ 1-0

[Event "Sardegna Region-ch"]
[Site "Sardara"]
[Date "2011.05.21"]
[Round "2"]
[White "Putzolu, Marcello"]
[Black "Magrini, Fabrizio"]
[Result "0-1"]
[WhiteElo "1824"]
[BlackElo "2158"]
[PlyCount "86"]
[EventDate "2011.05.23"]
[EventType "swiss"]
[EventRounds "8"]
[EventCountry "ITA"]
[SourceTitle "EXT 2023"]
[Source "ChessBase"]
[SourceDate "2022.10.05"]
[SourceVersion "1"]
[SourceVersionDate "2022.10.05"]
[SourceQuality "1"]

1. d4 Nf6 2. c4 g6 3. Nc3 d5 4. e3 Bg7 5. Nf3 0-0 6. cxd5 Nxd5 7. Bc4 Nxc3 8. bxc3 c5 9. 0-0 Nc6 10. Ba3 cxd4 11. exd4 Qa5 12. Qb3 Bg4 13. Ne5 Nxe5 14. dxe5 Bxe5 15. Bxe7 Bxh2+ 16. Kxh2 Qe5+ 17. Kg1 Qxe7 18. Rfe1 Qc5 19. Bd5 Rad8 20. c4 b5 21. Qe3 Rc8 22. Qxc5 Rxc5 23. Rac1 Rfc8 24. f3 Bf5 25. Bb7 R8c7 26. Ba6 bxc4 27. Rc3 Kg7 28. Kf2 Be6 29. Rec1 Ra5 30. Bxc4 Rac5 31. Ra3 Rxc4 32. Rxc4 Bxc4 33. Rc3 Rc8 34. Ra3 a6 35. Ke3 Kf6 36. Kd4 Bf1 37. g3 h5 38. f4 Rc2 39. f5 g5 40. Ra5 h4 41. gxh4 gxh4 42. Ra3 h3 43. Rf3 Rc4+ 0-1

[Event "Corsico op"]
[Site "Corsico"]
[Date "2010.03.14"]
[Round "5"]
[White "Magrini, Fabrizio"]
[Black "Stella, Luca"]
[Result "1-0"]
[WhiteElo "2130"]
[BlackElo "2034"]
[PlyCount "83"]
[EventDate "2010.03.12"]
[EventType "swiss"]
[EventRounds "5"]
[EventCountry "ITA"]
[SourceTitle "EXT 2011"]
[Source "ChessBase"]
[SourceDate "2010.11.26"]
[SourceVersion "1"]
[SourceVersionDate "2010.11.26"]
[SourceQuality "1"]

1. e4 c5 2. Nf3 d6 3. d4 cxd4 4. Qxd4 a6 5. c4 Nc6 6. Qd2 Nf6 7. Nc3 g6 8. b3 Bg7 9. Bb2 0-0 10. Be2 h6 11. 0-0 Be6 12. Rfd1 Nd7 13. Rac1 Rb8 14. Nh4 g5 15. Nf5 Bxf5 16. exf5 Nd4 17. Bd3 Ne5 18. Be4 e6 19. fxe6 fxe6 20. Qxd4 Nf3+ 21. Bxf3 Bxd4 22. Rxd4 Rf4 23. Rxf4 gxf4 24. Re1 Qd7 25. Rxe6 Re8 26. Rxe8+ Qxe8 27. Bd5+ Kf8 28. Ne4 Qd8 29. Ba3 Qa5 30. Bxd6+ Kg7 31. h3 Qxa2 32. Bxb7 Qxb3 33. Bd5 f3 34. Be5+ Kf8 35. Nc3 fxg2 36. Kxg2 Qb6 37. f4 a5 38. Ne4 Qb3 39. Bd6+ Kg7 40. f5 Qc2+ 41. Kg3 Qd3+ 42. Kh4 1-0

[Event "Corsico op"]
[Site "Corsico"]
[Date "2010.03.13"]
[Round "2"]
[White "Bellia, Fabrizio"]
[Black "Magrini, Fabrizio"]
[Result "1-0"]
[WhiteElo "2412"]
[BlackElo "2130"]
[PlyCount "111"]
[EventDate "2010.03.12"]
[EventType "swiss"]
[EventRounds "5"]
[EventCountry "ITA"]
[SourceTitle "EXT 2011"]
[Source "ChessBase"]
[SourceDate "2010.11.26"]
[SourceVersion "1"]
[SourceVersionDate "2010.11.26"]
[SourceQuality "1"]

1. e4 c5 2. Nf3 d6 3. d4 cxd4 4. Nxd4 Nf6 5. Nc3 a6 6. Bc4 e6 7. 0-0 b5 8. Bb3 Be7 9. Qf3 Qc7 10. Qg3 0-0 11. Bh6 Ne8 12. Rfd1 Bf6 13. Bg5 Bxg5 14. Qxg5 Qc5 15. Qh4 Nf6 16. Rd3 Nbd7 17. Bxe6 Ne5 18. Nb3 Qa7 19. Bxc8 Nxd3 20. Bf5 Ne5 21. Nd5 Ng6 22. Nxf6+ gxf6 23. Qh6 Qe7 24. Rd1 Qe5 25. Nd4 Qf4 26. Qh3 d5 27. exd5 Rad8 28. g3 Qe5 29. Nc6 Qe2 30. Qf1 Qxf1+ 31. Kxf1 Rd6 32. b3 Ne5 33. Nxe5 fxe5 34. c4 Rfd8 35. Ke2 bxc4 36. bxc4 Rf6 37. g4 Rb6 38. c5 Rb5 39. c6 Rc5 40. Bd7 Kf8 41. d6 Rc4 42. Rd5 f6 43. Kd3 Rc1 44. Kd2 Rc4 45. Ke3 Rc3+ 46. Rd3 Rc5 47. Ke4 Kf7 48. Ra3 a5 49. Ra4 h6 50. h3 Kf8 51. Kf5 Kf7 52. Be6+ Kg7 53. c7 Rxd6 54. c8Q Rxc8 55. Bxc8 Rd2 56. f3 1-0

[Event "Erba op 4th"]
[Site "Erba"]
[Date "2010.03.07"]
[Round "5"]
[White "Magrini, Fabrizio"]
[Black "Janeva, Mariya"]
[Result "1-0"]
[WhiteElo "2130"]
[BlackElo "2042"]
[PlyCount "85"]
[EventDate "2010.03.05"]
[EventType "swiss"]
[EventRounds "5"]
[EventCountry "ITA"]
[SourceTitle "EXT 2024"]
[Source "ChessBase"]
[SourceDate "2023.10.10"]
[SourceVersion "1"]
[SourceVersionDate "2023.10.10"]
[SourceQuality "1"]

1. e4 e5 2. Nf3 Nc6 3. Bc4 Bc5 4. b4 Bxb4 5. c3 Bc5 6. d4 exd4 7. 0-0 d3 8. Ng5 Ne5 9. Nxf7 Nxf7 10. Bxf7+ Kxf7 11. Qh5+ g6 12. Qxc5 d6 13. Qd5+ Kg7 14. Qxd3 Nf6 15. c4 Rf8 16. Bb2 Kg8 17. Nd2 Bd7 18. Rae1 Bc6 19. Nb3 Qd7 20. Nd4 Rae8 21. f3 Nh5 22. Qe3 Re5 23. Rd1 Nf4 24. Rd2 g5 25. Nf5 Rfxf5 26. exf5 h5 27. Qxe5 dxe5 28. Rxd7 Bxd7 29. Bxe5 Bxf5 30. Bxc7 Bd3 31. Bxf4 Bxf1 32. Kxf1 gxf4 33. Ke2 Kf7 34. Kd3 Ke6 35. Ke4 Kd6 36. Kxf4 Kc5 37. Ke5 Kxc4 38. f4 b5 39. f5 a5 40. f6 Kb4 41. f7 Ka3 42. f8Q+ Kxa2 43. Qc5 1-0

[Event "Erba op 4th"]
[Site "Erba"]
[Date "2010.03.07"]
[Round "4"]
[White "Meijers, Viesturs"]
[Black "Magrini, Fabrizio"]
[Result "1-0"]
[WhiteElo "2476"]
[BlackElo "2130"]
[PlyCount "119"]
[EventDate "2010.03.05"]
[EventType "swiss"]
[EventRounds "5"]
[EventCountry "ITA"]
[SourceTitle "EXT 2024"]
[Source "ChessBase"]
[SourceDate "2023.10.10"]
[SourceVersion "1"]
[SourceVersionDate "2023.10.10"]
[SourceQuality "1"]

1. d4 Nf6 2. Nf3 g6 3. Nc3 d5 4. Ne5 Bg7 5. f3 0-0 6. Be3 Ne8 7. Qd2 f6 8. Ng4 Nd6 9. b3 Nf5 10. Nh6+ Nxh6 11. Bxh6 c6 12. Bxg7 Kxg7 13. e4 Be6 14. h4 h6 15. 0-0-0 Nd7 16. Qe3 Bg8 17. g4 Qc7 18. Bd3 e6 19. Ne2 c5 20. h5 g5 21. exd5 exd5 22. dxc5 Rfe8 23. Qd2 Nxc5 24. Bf5 a5 25. Nd4 a4 26. b4 Ne6 27. Bxe6 Bxe6 28. Rhe1 Bd7 29. a3 Qc4 30. Kb2 Rac8 31. Qd3 Qxd3 32. cxd3 Rxe1 33. Rxe1 Kf7 34. Re2 Rc7 35. Nf5 Bxf5 36. gxf5 Re7 37. Rc2 Ke8 38. Rc8+ Kd7 39. Rf8 Re3 40. Kc3 Ke7 41. Rh8 Rxf3 42. Rxh6 Rxf5 43. Rh7+ Ke6 44. Rxb7 g4 45. h6 Rh5 46. h7 f5 47. b5 f4 48. Rg7 f3 49. Rxg4 Rxh7 50. Rf4 Rf7 51. Rxf7 Kxf7 52. Kd2 Ke7 53. Ke3 Kd6 54. Kxf3 Kc5 55. Kf4 Kxb5 56. Kf5 Kb6 57. Ke6 Kc6 58. d4 Kc7 59. Kxd5 Kd7 60. Kc5 1-0

[Event "Erba op 4th"]
[Site "Erba"]
[Date "2010.03.06"]
[Round "2"]
[White "Magrini, Fabrizio"]
[Black "Bernasconi, Roberto"]
[Result "1-0"]
[WhiteElo "2130"]
[BlackElo "1933"]
[PlyCount "73"]
[EventDate "2010.03.05"]
[EventType "swiss"]
[EventRounds "5"]
[EventCountry "ITA"]
[SourceTitle "EXT 2024"]
[Source "ChessBase"]
[SourceDate "2023.10.10"]
[SourceVersion "1"]
[SourceVersionDate "2023.10.10"]
[SourceQuality "1"]

1. e4 e5 2. Nf3 Nf6 3. Nxe5 d6 4. Nf3 Nxe4 5. Nc3 Nxc3 6. dxc3 Be7 7. Be3 0-0 8. Qd2 Nc6 9. 0-0-0 Ne5 10. Be2 Be6 11. Kb1 Nc4 12. Bxc4 Bxc4 13. h4 Be6 14. Rdg1 c6 15. g4 Qa5 16. b3 Bf6 17. Nd4 Rfe8 18. h5 c5 19. Ne2 d5 20. g5 Be7 21. g6 Bf6 22. gxh7+ Kxh7 23. Bg5 Qd8 24. Rh2 Qe7 25. Rhg2 Rg8 26. Nf4 Rad8 27. Ng6 Bxg5 28. Rxg5 Qf6 29. Qd3 Kh6 30. Ne5 Qxg5 31. Rxg5 Kxg5 32. Qe3+ Kf5 33. Nf3 Kg4 34. Ne5+ Kf5 35. Nd3 Kg4 36. Qg3+ Kxh5 37. Nf4+ 1-0

[Event "Ceriano Laghetto op-A 19th"]
[Site "Ceriano Laghetto"]
[Date "2010.03.??"]
[Round "5"]
[White "Magrini, Fabrizio"]
[Black "Bemporad, Filippo"]
[Result "1-0"]
[WhiteElo "2130"]
[BlackElo "2057"]
[PlyCount "75"]
[EventDate "2010.03.??"]
[EventType "swiss"]
[EventRounds "5"]
[EventCountry "ITA"]
[SourceTitle "EXT 2024"]
[Source "ChessBase"]
[SourceDate "2023.10.10"]
[SourceVersion "1"]
[SourceVersionDate "2023.10.10"]
[SourceQuality "1"]

1. e4 d5 2. exd5 Qxd5 3. Nc3 Qd6 4. d4 Nf6 5. Nf3 c6 6. Ne5 Nbd7 7. Nc4 Qc7 8. Qf3 Nb6 9. Bf4 Qd8 10. Be5 Nbd5 11. Ne3 Qa5 12. Nc4 Qd8 13. Ne3 Qa5 14. Nexd5 Nxd5 15. Bc4 f6 16. Bg3 Nxc3 17. bxc3 Qf5 18. Qe2 e6 19. 0-0 Ba3 20. Rab1 Kf7 21. Rb3 Be7 22. Re1 h5 23. Rxb7 h4 24. Bd6 Re8 25. Rc7 Kf8 26. Rxe7 Rxe7 27. Bxe6 Bxe6 28. Qxe6 Qxe6 29. Rxe6 Rae8 30. Rxe7 Rxe7 31. Kf1 Kf7 32. Bxe7 Kxe7 33. Ke2 Ke6 34. c4 Kf5 35. Ke3 g5 36. c5 Ke6 37. c4 f5 38. g3 1-0

[Event "Padova op-A 12th"]
[Site "Padova"]
[Date "2009.12.19"]
[Round "8.7"]
[White "Quinn, Mark"]
[Black "Magrini, Fabrizio"]
[Result "1-0"]
[WhiteElo "2393"]
[BlackElo "2146"]
[PlyCount "49"]
[EventDate "2009.12.13"]
[EventType "swiss"]
[EventRounds "9"]
[EventCountry "ITA"]
[SourceTitle "EXT 2024"]
[Source "ChessBase"]
[SourceDate "2023.10.10"]
[SourceVersion "1"]
[SourceVersionDate "2023.10.10"]
[SourceQuality "1"]

1. c4 Nf6 2. Nc3 g6 3. d4 d5 4. cxd5 Nxd5 5. e4 Nxc3 6. bxc3 Bg7 7. Bc4 c5 8. Ne2 0-0 9. 0-0 Nc6 10. Be3 Qc7 11. Rc1 Rd8 12. Qe1 Qa5 13. Rd1 cxd4 14. cxd4 Qxe1 15. Rfxe1 e6 16. Bg5 Re8 17. Bb5 Bd7 18. Be3 Ne5 19. Rb1 Bxb5 20. Rxb5 Nc6 21. Rxb7 Rad8 22. e5 f6 23. Rc1 Re7 24. Rb5 Nb8 25. Bf4 1-0

[Event "Padova op-A 12th"]
[Site "Padova"]
[Date "2009.12.14"]
[Round "3.13"]
[White "Isatto, Davide"]
[Black "Magrini, Fabrizio"]
[Result "1/2-1/2"]
[WhiteElo "1947"]
[BlackElo "2146"]
[PlyCount "42"]
[EventDate "2009.12.13"]
[EventType "swiss"]
[EventRounds "9"]
[EventCountry "ITA"]
[SourceTitle "EXT 2024"]
[Source "ChessBase"]
[SourceDate "2023.10.10"]
[SourceVersion "1"]
[SourceVersionDate "2023.10.10"]
[SourceQuality "1"]

1. d4 Nf6 2. c4 g6 3. Nc3 d5 4. cxd5 Nxd5 5. e4 Nxc3 6. bxc3 Bg7 7. Be3 0-0 8. Qd2 c5 9. Nf3 Qa5 10. Rb1 a6 11. Rb3 b5 12. Bh6 Bb7 13. h4 Bxe4 14. h5 Nd7 15. hxg6 Bxg6 16. Bxg7 Kxg7 17. Bd3 c4 18. Qh6+ Kf6 19. Qf4+ Kg7 20. Qh6+ Kf6 21. Qf4+ Kg7 1/2-1/2

[Event "Milan Crespi op-A 30th"]
[Site "Milan"]
[Date "2009.12.12"]
[Round "9"]
[White "Magrini, Fabrizio"]
[Black "Garano, Nicola"]
[Result "0-1"]
[WhiteElo "2146"]
[BlackElo "2189"]
[PlyCount "70"]
[EventDate "2009.12.05"]
[EventType "swiss"]
[EventRounds "9"]
[EventCountry "ITA"]
[SourceTitle "EXT 2012"]
[Source "ChessBase"]
[SourceDate "2011.11.24"]
[SourceVersion "1"]
[SourceVersionDate "2011.11.24"]
[SourceQuality "1"]

1. e4 c5 2. Nf3 e6 3. d4 cxd4 4. Nxd4 a6 5. g3 d5 6. Bg2 dxe4 7. Bxe4 Nf6 8. Bg2 e5 9. Nb3 Qxd1+ 10. Kxd1 Nc6 11. h3 Bf5 12. c3 0-0-0+ 13. Ke1 Bc2 14. Be3 Nd5 15. Bc5 e4 16. Na3 Bd3 17. Rd1 b6 18. Bxf8 Rhxf8 19. Rd2 a5 20. Kd1 f5 21. Re1 g5 22. Nc1 Ne5 23. f3 f4 24. Nxd3 Nxd3 25. Rxe4 Ne3+ 26. Ke2 Nc1+ 27. Ke1 Nd3+ 28. Ke2 Nc1+ 29. Ke1 Rxd2 30. Kxd2 Nxg2 31. Kxc1 fxg3 32. Nc2 Nf4 33. Nd4 g2 34. Re1 Nxh3 35. Ne2 Rxf3 0-1

[Event "Milan Crespi op-A 30th"]
[Site "Milan"]
[Date "2009.12.10"]
[Round "7"]
[White "Magrini, Fabrizio"]
[Black "Borin, Fabio"]
[Result "1-0"]
[WhiteElo "2146"]
[BlackElo "2104"]
[PlyCount "53"]
[EventDate "2009.12.05"]
[EventType "swiss"]
[EventRounds "9"]
[EventCountry "ITA"]
[SourceTitle "EXT 2012"]
[Source "ChessBase"]
[SourceDate "2011.11.24"]
[SourceVersion "1"]
[SourceVersionDate "2011.11.24"]
[SourceQuality "1"]

1. e4 c5 2. Nf3 d6 3. d4 cxd4 4. Nxd4 Nf6 5. Nc3 g6 6. Be3 Bg7 7. f3 Nc6 8. Qd2 Bd7 9. Bc4 0-0 10. 0-0-0 Na5 11. Bb3 Nxb3+ 12. cxb3 Qa5 13. Kb1 Rfc8 14. Bh6 Qc5 15. h4 Bc6 16. h5 Qe5 17. hxg6 fxg6 18. Bxg7 Kxg7 19. Qh6+ Kf7 20. f4 Qc5 21. e5 dxe5 22. fxe5 Qxe5 23. Rhe1 Qh5 24. Rxe7+ Kxe7 25. Qg7+ Ke8 26. Re1+ Be4+ 27. Nxe4 1-0

[Event "Milan Crespi op-A 30th"]
[Site "Milan"]
[Date "2009.12.09"]
[Round "6"]
[White "Almonti, Alessandro"]
[Black "Magrini, Fabrizio"]
[Result "0-1"]
[WhiteElo "2066"]
[BlackElo "2146"]
[PlyCount "74"]
[EventDate "2009.12.05"]
[EventType "swiss"]
[EventRounds "9"]
[EventCountry "ITA"]
[SourceTitle "EXT 2012"]
[Source "ChessBase"]
[SourceDate "2011.11.24"]
[SourceVersion "1"]
[SourceVersionDate "2011.11.24"]
[SourceQuality "1"]

1. c4 Nf6 2. Nc3 g6 3. e4 e5 4. g3 Bg7 5. Bg2 0-0 6. Nge2 Nc6 7. a3 a5 8. Rb1 d6 9. d3 Be6 10. Bg5 Qd7 11. Bxf6 Bxf6 12. Nd5 Bg7 13. 0-0 f5 14. b4 axb4 15. axb4 Ne7 16. Nxe7+ Qxe7 17. exf5 Bxf5 18. Bxb7 Ra3 19. Be4 Bh3 20. Bg2 Bg4 21. Qd2 Bh6 22. Qc2 Qf6 23. Nc3 Qf5 24. Be4 Qd7 25. Nb5 Raa8 26. Ra1 c6 27. Rxa8 Rxa8 28. Nc3 Rf8 29. b5 cxb5 30. cxb5 Be6 31. Bc6 Qf7 32. Qe2 Rc8 33. Qe4 d5 34. Qh4 Bf8 35. Qa4 Bc5 36. Qa6 Rf8 37. Qb7 Bxf2+ 0-1

[Event "Milan Crespi op-A 30th"]
[Site "Milan"]
[Date "2009.12.08"]
[Round "5"]
[White "Magrini, Fabrizio"]
[Black "Bonade, Massimo"]
[Result "1-0"]
[WhiteElo "2146"]
[BlackElo "2103"]
[PlyCount "65"]
[EventDate "2009.12.05"]
[EventType "swiss"]
[EventRounds "9"]
[EventCountry "ITA"]
[SourceTitle "EXT 2012"]
[Source "ChessBase"]
[SourceDate "2011.11.24"]
[SourceVersion "1"]
[SourceVersionDate "2011.11.24"]
[SourceQuality "1"]

1. e4 c5 2. Nf3 d6 3. d4 cxd4 4. Nxd4 Nf6 5. Nc3 a6 6. Bg5 e6 7. f4 Be7 8. Qf3 Qc7 9. 0-0-0 Nbd7 10. g4 b5 11. Bxf6 Bxf6 12. Bxb5 Rb8 13. Bxd7+ Bxd7 14. Nb3 0-0 15. g5 Be7 16. h4 Rfc8 17. Rd2 a5 18. a4 Rb4 19. f5 Bxa4 20. Nxa4 Rxa4 21. f6 Bf8 22. h5 Rc4 23. Rhh2 a4 24. Nd4 Qc5 25. g6 Rxd4 26. fxg7 fxg6 27. hxg6 hxg6 28. gxf8Q+ Rxf8 29. Rh8+ Kxh8 30. Qxf8+ Kh7 31. Rh2+ Qh5 32. Rxh5+ gxh5 33. Qf7+ 1-0

[Event "Milan Crespi op-A 30th"]
[Site "Milan"]
[Date "2009.12.06"]
[Round "3"]
[White "Cazzaniga, Walter"]
[Black "Magrini, Fabrizio"]
[Result "1/2-1/2"]
[WhiteElo "2139"]
[BlackElo "2146"]
[PlyCount "111"]
[EventDate "2009.12.05"]
[EventType "swiss"]
[EventRounds "9"]
[EventCountry "ITA"]
[SourceTitle "EXT 2012"]
[Source "ChessBase"]
[SourceDate "2011.11.24"]
[SourceVersion "1"]
[SourceVersionDate "2011.11.24"]
[SourceQuality "1"]

1. d4 Nf6 2. c4 g6 3. Nc3 d5 4. Nf3 Bg7 5. Qb3 dxc4 6. Qxc4 0-0 7. e4 a6 8. e5 b5 9. Qb3 Nfd7 10. e6 fxe6 11. Be3 Nf6 12. a4 b4 13. Qxb4 Nd5 14. Nxd5 exd5 15. Rc1 Qd6 16. Qd2 Nd7 17. Be2 Rb8 18. 0-0 Bb7 19. Rc2 c5 20. dxc5 Qc6 21. Rd1 e5 22. Bh6 d4 23. Bxg7 Kxg7 24. b4 Qxa4 25. Ng5 Rf6 26. b5 axb5 27. Rb1 b4 28. Rxb4 Qa1+ 29. Rc1 Qa8 30. f3 h6 31. Nh3 Qa5 32. Qb2 Qc7 33. Nf2 Bd5 34. Rxb8 Nxb8 35. Bc4 Bxc4 36. Rxc4 Nd7 37. Ne4 Rc6 38. Qc2 Nf8 39. Nd6 Qa5 40. Kf2 Ne6 41. Ne4 Nf4 42. g3 Nd5 43. Qb3 Nf6 44. Nd6 Qd2+ 45. Kf1 Rc7 46. Rc2 Qd1+ 47. Kg2 Nd5 48. Qxd5 Qxc2+ 49. Kh3 Qxc5 50. Ne8+ Kf8 51. Nxc7 Qxc7 52. f4 Ke7 53. fxe5 Qd7+ 54. Qxd7+ Kxd7 55. Kg4 Ke6 56. Kf4 1/2-1/2

[Event "Milan Crespi op-A 30th"]
[Site "Milan"]
[Date "2009.12.06"]
[Round "2"]
[White "Loehnhardt, Benjamin"]
[Black "Magrini, Fabrizio"]
[Result "1-0"]
[WhiteElo "2076"]
[BlackElo "2146"]
[PlyCount "147"]
[EventDate "2009.12.05"]
[EventType "swiss"]
[EventRounds "9"]
[EventCountry "ITA"]
[SourceTitle "EXT 2012"]
[Source "ChessBase"]
[SourceDate "2011.11.24"]
[SourceVersion "1"]
[SourceVersionDate "2011.11.24"]
[SourceQuality "1"]

1. e4 c5 2. Nf3 d6 3. d4 cxd4 4. Nxd4 Nf6 5. Nc3 a6 6. Be2 e5 7. Nb3 Be7 8. 0-0 0-0 9. Be3 Be6 10. Qd2 Nbd7 11. f4 exf4 12. Bxf4 Ne5 13. Nd4 Qb6 14. Kh1 Rfd8 15. Nxe6 fxe6 16. Rad1 Rac8 17. Qc1 Qa5 18. Bd2 Qc5 19. Be3 Qc6 20. Bd3 b5 21. Rfe1 Nfg4 22. Bg1 Qe8 23. Ne2 Qh5 24. Nf4 Qh6 25. Nh3 Qh4 26. Qd2 Nc4 27. Bxc4 Rxc4 28. c3 Ne5 29. Qe2 g5 30. Bf2 Qg4 31. Bg3 Qxe2 32. Rxe2 Nf7 33. Nf2 h5 34. h3 Rdc8 35. Nd3 a5 36. a3 Bf8 37. h4 e5 38. Rf1 Be7 39. Be1 Kg7 40. g3 Rf8 41. Nc1 gxh4 42. gxh4 Nh6 43. Rxf8 Kxf8 44. Nb3 Bd8 45. Nd2 Rc7 46. Rf2+ Kg7 47. Rf3 Ng4 48. Nf1 Kg6 49. Kg2 Rf7 50. Rxf7 Kxf7 51. Kf3 Ke6 52. Ne3 Nxe3 53. Kxe3 a4 54. Kd3 d5 55. Bf2 Kd6 56. Bg3 Bf6 57. Bf2 Kc6 58. Bg3 dxe4+ 59. Kxe4 Kc5 60. Kd3 Kd5 61. Bf2 Bd8 62. Bg3 Bb6 63. Be1 e4+ 64. Kc2 Ke5 65. b3 Kf4 66. c4 bxc4 67. bxa4 Kf3 68. a5 Bd4 69. a6 Ke2 70. Bc3 Ba7 71. Bb4 Kf1 72. Kc3 Kg2 73. Kxc4 Kh3 74. Be1 1-0

[Event "Corsico op-A 41st"]
[Site "Corsico"]
[Date "2009.10.03"]
[Round "2"]
[White "Tramalloni, Luca"]
[Black "Magrini, Fabrizio"]
[Result "1/2-1/2"]
[WhiteElo "2116"]
[BlackElo "2150"]
[PlyCount "35"]
[EventDate "2009.10.02"]
[EventType "swiss"]
[EventRounds "5"]
[EventCountry "ITA"]
[SourceTitle "EXT 2012"]
[Source "ChessBase"]
[SourceDate "2011.11.24"]
[SourceVersion "1"]
[SourceVersionDate "2011.11.24"]
[SourceQuality "1"]

1. d4 d5 2. Nf3 Nf6 3. c4 e6 4. g3 c6 5. Nbd2 Nbd7 6. Bg2 Be7 7. 0-0 0-0 8. Qc2 Re8 9. Rd1 Qc7 10. e4 dxe4 11. Nxe4 e5 12. dxe5 Nxe5 13. Bf4 Nxf3+ 14. Bxf3 Qa5 15. Nd6 Bxd6 16. Bxd6 Bf5 17. Qc1 Be4 18. Qf4 1/2-1/2

[Event "Crema op 11th"]
[Site "Crema"]
[Date "2009.09.06"]
[Round "5"]
[White "Arena, Piermario"]
[Black "Magrini, Fabrizio"]
[Result "0-1"]
[WhiteElo "1900"]
[BlackElo "2150"]
[PlyCount "106"]
[EventDate "2009.09.04"]
[EventType "swiss"]
[EventRounds "6"]
[EventCountry "ITA"]
[SourceTitle "EXT 2011"]
[Source "ChessBase"]
[SourceDate "2010.11.26"]
[SourceVersion "1"]
[SourceVersionDate "2010.11.26"]
[SourceQuality "1"]

1. e4 c5 2. c3 Nf6 3. e5 Nd5 4. d4 cxd4 5. Nf3 Nc6 6. cxd4 d6 7. Bc4 Nb6 8. Bb5 a6 9. Bxc6+ bxc6 10. 0-0 e6 11. Nbd2 Be7 12. Ne4 d5 13. Ng3 h5 14. Be3 Nd7 15. Rc1 Qb6 16. Ng5 g6 17. Qf3 Rf8 18. Nh7 Rh8 19. Ng5 Bxg5 20. Bxg5 Qxd4 21. Bf6 Nxf6 22. Qxf6 Rf8 23. Rxc6 Bd7 24. Rc2 Rc8 25. Rxc8+ Bxc8 26. Rc1 Bd7 27. h4 Qxb2 28. Qg5 Qxa2 29. Rc7 Qb1+ 30. Rc1 Qb6 31. Ne2 Qd8 32. Ra1 Qxg5 33. hxg5 Bb5 34. Nd4 Kd7 35. Rb1 Rb8 36. f4 Kc7 37. Kf2 Bc4 38. Rxb8 Kxb8 39. Ke3 Kc7 40. Kd2 Kb6 41. Kc3 Kc5 42. g3 a5 43. f5 gxf5 44. g6 fxg6 45. Nxe6+ Kc6 46. Nf4 g5 47. Nxh5 a4 48. Ng7 f4 49. gxf4 gxf4 50. Nf5 a3 51. Nd4+ Kd7 52. Nf3 a2 53. Kb2 Ke6 0-1

[Event "Crema op 11th"]
[Site "Crema"]
[Date "2009.09.06"]
[Round "6"]
[White "Magrini, Fabrizio"]
[Black "Quagliarella, Sabino Remo"]
[Result "1-0"]
[WhiteElo "2150"]
[BlackElo "1917"]
[PlyCount "55"]
[EventDate "2009.09.04"]
[EventType "swiss"]
[EventRounds "6"]
[EventCountry "ITA"]
[SourceTitle "EXT 2011"]
[Source "ChessBase"]
[SourceDate "2010.11.26"]
[SourceVersion "1"]
[SourceVersionDate "2010.11.26"]
[SourceQuality "1"]

1. e4 g6 2. d4 Bg7 3. Nc3 c6 4. Bc4 e6 5. Nf3 d5 6. Bd3 Nd7 7. Qe2 dxe4 8. Nxe4 Qe7 9. Bg5 Ngf6 10. 0-0-0 h5 11. Kb1 b6 12. Ne5 Bb7 13. Nxd7 Kxd7 14. Qf3 Kd8 15. Bxf6 Bxf6 16. Qxf6 Qxf6 17. Nxf6 Ke7 18. Ne4 f5 19. Ng5 Kf6 20. h4 c5 21. dxc5 Bxg2 22. Rhe1 e5 23. cxb6 axb6 24. f3 Ra4 25. Rg1 Bxf3 26. Nxf3 e4 27. Bb5 Ra5 28. Nd4 1-0